1232 1127 1912 1536 1415 1673 1963 1365 1453 1185 1230 1915 1992 1012 1184 1561 1611 1049 1766 1125 1559 1458 1190 1863 1846 1880 1085 1129 1541 1922 1655 1142 1170 1789 1776 1116 1712 1856 1397 1544 1766 1319 1218 1927 1591 1485 1330 1511 1818 1435 1213 1929 1125 1826 1502 1767 1795 1118 1535 1773 1893 1371 1885 1723 1182 1296 1710 1320 1008 1359 1516 1778 1212 1324 1941 1873 1354 1056 1127 1941 1938 1705 1463 1483 1170 1983 1968 1998 1657 1927 1418 1430 1044 1009 1266 1481 1188 1851 1210 BCNSPRNW ULIB Ver.6.0+V

เปลี่ยนเป็นภาษาไทย

Change to English
 แสดงรายละเอียดบรรณานุกรม
  กลับหน้าหลัก

Brief Record : Get Marc (ISO 2709) : E-mail record : QR code < ปิดหน้าต่าง
LEADER : 00000nam 2200000uu 4500
001    13399123206
003     ULIB
008    140704s2551 th a 000 0 tha d
020    9789748458304
090    นว.^bป534ม
100    ปันหยา
245    แมวกับปลาย่าง /^cปันหยา
260    กรุงเทพฯ :^b1168Publishing,^c2551
300    252 หน้า
710    1168Publishing
945    ^p169^l0^i20342
999    ^aทศพร เกษรทอง
รายการนี้ยังไม่มีแท็ก
คุณยังไม่ได้ล็อกอิน คุณสามารถมีกิจกรรมร่วมกับเว็บไซต์ได้ แต่ต้องล็อกอินก่อน ::
  ล็อกอิน

รายการสื่อสารสนเทศ

ลำดับที่ ประเภท เลขเรียก/บาร์โค้ด สถานที่ สถานะ
1. นวนิยาย
นวนิยาย
นว. ป534ม ฉ.1 
  Barcode: 20342
ห้องสมุดวิทยาเขตนครสวรรค์
►นวนิยาย:l:Fiction
บนชั้น

BibComment


ยังไม่เคยถูกคอมเมนท์

คอมเมนท์ทรัพยากรรายการนี้
  คอมเมนท์: แมวกับปลาย่าง ปั..


 Copyright 2026. Bcnsprnw @Library